000 00257nam a22001097a 4500
008 170124b xxu||||| |||| 00| 0 eng d
020 _a9780801654947
041 _aeng
080 _22ND
_a618.2
245 _aMEDICAL-SURGICAL NURSING
_cNICHOLS
942 _2udc
_cBK
999 _c3520
_d3520